[Event "XXVIII Festival Conca della Presolana A"]
[Site "Bratto - Castione della Presolana ITA"]
[Date "2008.08.26"]
[Round "5"]
[White "Rombaldoni, Denis"]
[Black "Korneev, Oleg"]
[Result "1-0"]
[WhiteElo "2418"]
[BlackElo "2631"]
[PlyCount "127"]
[EventDate "2008.08.22"]

1. d4 d5 2. c4 c6 3. Nf3 Nf6 4. Nc3 e6 5. Bg5 dxc4 6. e4 b5 7. e5 h6 8. Bh4 g5
9. Nxg5 hxg5 10. Bxg5 Nbd7 11. g3 Qa5 12. exf6 b4 13. Ne4 Ba6 14. Be2 O-O-O 15.
O-O Qf5 16. Qc2 Qh3 17. Bh4 Rxh4 18. gxh4 Qxh4 19. f3 Nb6 20. Rad1 Bh6 21. Kh1
Be3 22. b3 Bxd4 23. Bxc4 Nxc4 24. bxc4 c5 25. Rd2 Bb7 26. Rg2 Qf4 27. Rg4 Qe3
28. Rg7 Bxf6 29. Rxf7 Be5 30. Qf2 Qxf2 31. Rxf2 Bd4 32. Rg2 a5 33. Nd6+ Rxd6
34. Rg8+ Rd8 35. Rxd8+ Kxd8 36. Rxb7 a4 37. Ra7 b3 38. axb3 axb3 39. Rb7 b2 40.
Kg2 Bc3 41. Rb3 Ke7 42. Kg3 Kf6 43. Kf4 Bd4 44. Ke4 Kg5 45. f4+ Kg4 46. h3+ Kh4
47. f5 exf5+ 48. Kxf5 Bc3 49. Ke4 Bd4 50. Kd5 Kg5 51. Kc6 Kf5 52. Kb5 Ke4 53.
Ka4 Bc3 54. h4 Kd3 55. Kb5 Kc2 56. Rxb2+ Bxb2 57. Kxc5 Kc3 58. h5 Bc1 59. Kd5
Kb4 60. c5 Kb5 61. c6 Kb6 62. Kd6 Bh6 63. Kd7 Bf4 64. h6 1-0

[Event "XXVIII Festival Conca della Presolana A"]
[Site "Bratto - Castione della Presolana ITA"]
[Date "2008.08.26"]
[Round "5"]
[White "Salmoiraghi, Angelo"]
[Black "Boccalatte, Piero"]
[Result "0-1"]
[WhiteElo "2106"]
[BlackElo "2011"]
[PlyCount "88"]
[EventDate "2008.08.22"]

1. e4 c6 2. d4 d5 3. e5 Bf5 4. Nf3 e6 5. Be2 Nd7 6. O-O c5 7. c4 Ne7 8. Nc3
dxc4 9. Bxc4 Nc6 10. Bg5 Be7 11. Bxe7 Qxe7 12. d5 Ncxe5 13. Nxe5 Nxe5 14. Qa4+
Kf8 15. dxe6 Nxc4 16. Nd5 Qxe6 17. Nc7 Qd7 18. Qxd7 Bxd7 19. Nxa8 Ke7 20. Rac1
Nxb2 21. Rb1 Rxa8 22. Rxb2 b5 23. Re1+ Kd6 24. Rd1+ Kc6 25. Rxb5 Kxb5 26. Rxd7
Kb4 27. Rb7+ Kc3 28. Kf1 c4 29. Ke2 Kc2 30. Rxf7 Re8+ 31. Kf3 a5 32. Rxg7 c3
33. Rg5 Ra8 34. Ke3 a4 35. Rc5 a3 36. f4 Kb2 37. g4 Rb8 38. Kd3 Rd8+ 39. Ke2
Rd2+ 40. Ke1 Rxh2 41. f5 Rd2 42. Rc7 Rd4 43. g5 c2 44. Rb7+ Kxa2 0-1

[Event "XXVIII Festival Conca della Presolana A"]
[Site "Bratto - Castione della Presolana ITA"]
[Date "2008.08.26"]
[Round "5"]
[White "Salvador, Roland"]
[Black "Qendro, Llambi"]
[Result "1/2-1/2"]
[WhiteElo "2443"]
[BlackElo "2375"]
[PlyCount "97"]
[EventDate "2008.08.22"]

1. d4 g6 2. Nf3 Bg7 3. e4 d6 4. Nc3 c6 5. Be3 Qb6 6. Rb1 Nf6 7. h3 O-O 8. Qd2
Qc7 9. Bh6 Nbd7 10. Bd3 e5 11. O-O Re8 12. Bxg7 Kxg7 13. dxe5 dxe5 14. Nh4 Nh5
15. Ne2 Qd8 16. Nf3 Qf6 17. Nh2 Nf4 18. Ng4 Qg5 19. Nxf4 Qxf4 20. Qc3 Nf6 21.
Nxf6 Qxf6 22. Rbe1 Qd6 23. Rd1 Be6 24. Be2 Qc7 25. f4 f6 26. f5 gxf5 27. exf5
Bg8 28. Qg3+ Kh8 29. Qh4 Qe7 30. Rd3 Rad8 31. Rg3 Rd4 32. Qh5 Bf7 33. Qh6 Rg8
34. Rff3 Rdd8 35. h4 Bd5 36. Re3 Rxg3 37. Rxg3 Rg8 38. Rxg8+ Kxg8 39. Qe3 Qb4
40. Qg3+ Kh8 41. Qf2 Qxb2 42. Qxa7 Bxa2 43. Qb8+ Kg7 44. Qc7+ Bf7 45. Bh5 Qc1+
46. Kh2 Qf4+ 47. Kg1 Qd4+ 48. Kf1 Qc4+ 49. Kg1 1/2-1/2

[Event "XXVIII Festival Conca della Presolana A"]
[Site "Bratto - Castione della Presolana ITA"]
[Date "2008.08.26"]
[Round "5"]
[White "Shytaj, Luca"]
[Black "Lanzani, Mario"]
[Result "1/2-1/2"]
[WhiteElo "2467"]
[BlackElo "2349"]
[PlyCount "25"]
[EventDate "2008.08.22"]

1. e4 c5 2. Na3 g6 3. c3 Bg7 4. d4 cxd4 5. cxd4 Nc6 6. Nf3 Nf6 7. Bd3 d5 8. e5
Ne4 9. O-O O-O 10. Re1 f6 11. exf6 exf6 12. Bxe4 dxe4 13. Qb3+ 1/2-1/2

[Event "XXVIII Festival Conca della Presolana A"]
[Site "Bratto - Castione della Presolana ITA"]
[Date "2008.08.26"]
[Round "5"]
[White "Tatai, Stefano"]
[Black "Nardelli, Marco"]
[Result "1-0"]
[WhiteElo "2372"]
[BlackElo "2113"]
[PlyCount "154"]
[EventDate "2008.08.22"]

1. d4 Nf6 2. c4 g6 3. Nc3 Bg7 4. e4 d6 5. Bd3 O-O 6. Nge2 Na6 7. O-O e5 8. d5
Nc5 9. Bc2 a5 10. h3 Bd7 11. Be3 b6 12. Rb1 Qe8 13. Qd2 Na6 14. b3 b5 15. cxb5
Bxb5 16. Nxb5 Qxb5 17. Bd3 Qb7 18. Rfc1 Nd7 19. a3 f5 20. f3 Nac5 21. Bc2 fxe4
22. fxe4 Rfb8 23. b4 axb4 24. axb4 Na4 25. Bd3 Nf6 26. Qc2 Nb6 27. Qxc7 Qxc7
28. Rxc7 Ra3 29. Rc3 Ra2 30. Rc6 Na4 31. Nc1 Rb2 32. Ra1 R2xb4 33. Bc2 Nb2 34.
Bd2 R4b7 35. Bc3 Bf8 36. Ra2 Nd7 37. Nb3 Nd3 38. Na5 Nc1 39. Ra1 Ne2+ 40. Kf2
Nxc3 41. Nxb7 Nxe4+ 42. Bxe4 Rxb7 43. Rc8 Nf6 44. Bf3 Kf7 45. Rac1 Be7 46. R1c7
Rb2+ 47. Ke1 Rb1+ 48. Rc1 Rb2 49. g4 g5 50. h4 h6 51. h5 Rb4 52. R1c4 Rb5 53.
R4c7 Rb1+ 54. Rc1 Rb4 55. R8c4 Rb5 56. Ra4 Rb7 57. Rc8 Rb1+ 58. Kd2 Rb2+ 59.
Kc1 Rf2 60. Bd1 Rf1 61. Kd2 Rf2+ 62. Ke1 Rb2 63. Be2 Rb1+ 64. Kd2 Rb2+ 65. Kd1
Rb1+ 66. Kc2 Re1 67. Kd2 Rg1 68. Ra7 Rg2 69. Ke1 Rg1+ 70. Kf2 Rb1 71. Rcc7 Ng8
72. Bd3 Rb2+ 73. Ke1 e4 74. Bxe4 Kf6 75. Bh7 Bd8 76. Rf7+ Ke5 77. Bxg8 Ke4 1-0

[Event "XXVIII Festival Conca della Presolana A"]
[Site "Bratto - Castione della Presolana ITA"]
[Date "2008.08.26"]
[Round "5"]
[White "Tomba, Ivan"]
[Black "Radice, Luca"]
[Result "1-0"]
[WhiteElo "2309"]
[BlackElo "2098"]
[PlyCount "53"]
[EventDate "2008.08.22"]

1. e4 e6 2. d4 d5 3. e5 b6 4. c3 Qd7 5. Nf3 Ba6 6. Bxa6 Nxa6 7. Qe2 Nb8 8. O-O
c5 9. c4 Ne7 10. Rd1 Nbc6 11. Nc3 cxd4 12. Nb5 Ng6 13. cxd5 exd5 14. Nfxd4 Nxd4
15. Rxd4 Rc8 16. Bg5 Bc5 17. Nd6+ Kf8 18. Rxd5 Kg8 19. Nxc8 Qxd5 20. Rd1 Qxa2
21. Rd8+ Nf8 22. Ne7+ Bxe7 23. Bxe7 h6 24. Rxf8+ Kh7 25. Qc2+ g6 26. Rxh8+ Kxh8
27. h4 1-0

[Event "XXVIII Festival Conca della Presolana A"]
[Site "Bratto - Castione della Presolana ITA"]
[Date "2008.08.26"]
[Round "5"]
[White "Tramalloni, Luca"]
[Black "Ranieri, Fabrizio"]
[Result "1/2-1/2"]
[WhiteElo "2109"]
[BlackElo "2245"]
[PlyCount "70"]
[EventDate "2008.08.22"]

1. d4 d5 2. c4 e6 3. Nf3 c6 4. Qc2 Nf6 5. g3 Nbd7 6. Bg2 Be7 7. O-O O-O 8. b3
b6 9. Rd1 Bb7 10. Nbd2 Rc8 11. e4 c5 12. exd5 exd5 13. Qf5 dxc4 14. Nxc4 b5 15.
Nce5 Nxe5 16. Qxe5 Bd6 17. Qe2 c4 18. bxc4 bxc4 19. Bg5 h6 20. Bxf6 Qxf6 21.
Nh4 Rfe8 22. Qc2 Ba6 23. Bf1 Bf8 24. Ng2 Red8 25. Qa4 Qc6 26. Qxc6 Rxc6 27. d5
Rb6 28. Rac1 Ba3 29. Rc2 Rc8 30. Ne3 c3 31. Bxa6 Rxa6 32. Rd3 Be7 33. Rdxc3
Rxc3 34. Rxc3 Rxa2 35. Rc8+ Kh7 1/2-1/2

[Event "XXVIII Festival Conca della Presolana A"]
[Site "Bratto - Castione della Presolana ITA"]
[Date "2008.08.26"]
[Round "5"]
[White "Vezzosi, Paolo"]
[Black "Vancini, Edoardo"]
[Result "1/2-1/2"]
[WhiteElo "2352"]
[BlackElo "2273"]
[PlyCount "30"]
[EventDate "2008.08.22"]

1. c4 c5 2. Nc3 Nf6 3. g3 d5 4. cxd5 Nxd5 5. Bg2 Nc7 6. d3 e5 7. Be3 Be7 8. Rc1
Ne6 9. Nf3 Nc6 10. Nd2 Bd7 11. O-O O-O 12. Nd5 Rb8 13. Ne4 b6 14. Nxe7+ Qxe7
15. Nc3 Ned4 1/2-1/2

[Event "XXVIII Festival Conca della Presolana A"]
[Site "Bratto - Castione della Presolana ITA"]
[Date "2008.08.26"]
[Round "5"]
[White "Vocaturo, Daniele"]
[Black "Epishin, Vladimir V."]
[Result "1/2-1/2"]
[WhiteElo "2417"]
[BlackElo "2574"]
[PlyCount "70"]
[EventDate "2008.08.22"]

1. e4 c5 2. Nf3 a6 3. c3 e6 4. d4 d5 5. exd5 exd5 6. Bd3 cxd4 7. Nxd4 Nf6 8.
O-O Be7 9. Nf5 Bxf5 10. Bxf5 O-O 11. Nd2 Re8 12. Nf3 g6 13. Bc2 Nbd7 14. Be3
Qc7 15. Bd4 Bc5 16. Bxc5 Qxc5 17. Re1 Rxe1+ 18. Qxe1 Re8 19. Qd2 Ne5 20. Nxe5
Rxe5 21. Rd1 Qe7 22. Kf1 h5 23. f3 h4 24. Re1 Nh5 25. Rxe5 Qxe5 26. Kg1 g5 27.
Bb3 Nf6 28. Kf2 g4 29. Qe3 g3+ 30. hxg3 Qxg3+ 31. Kf1 Kg7 32. Qd4 h3 33. gxh3
Qxf3+ 34. Ke1 Qh1+ 35. Kd2 Qg2+ 1/2-1/2

[Event "XXVIII Festival Conca della Presolana A"]
[Site "Bratto - Castione della Presolana ITA"]
[Date "2008.08.26"]
[Round "5"]
[White "Zinani, Alessandro"]
[Black "Stips, Felix"]
[Result "1/2-1/2"]
[WhiteElo "2240"]
[BlackElo "2061"]
[PlyCount "79"]
[EventDate "2008.08.22"]

1. d4 Nf6 2. Bg5 d5 3. Nd2 Nbd7 4. Ngf3 g6 5. e3 Bg7 6. Bd3 c5 7. c3 O-O 8. O-O
Qb6 9. Qb3 c4 10. Qxb6 Nxb6 11. Bc2 Bf5 12. Bxf5 gxf5 13. Bf4 Rfc8 14. Rac1 Ne4
15. Rc2 Na4 16. Nxe4 fxe4 17. Nd2 b5 18. f3 f5 19. g4 e6 20. gxf5 exf5 21. Rf2
Rc6 22. Nf1 Bh6 23. Bxh6 Rxh6 24. fxe4 fxe4 25. Rf5 Rd8 26. Ng3 a5 27. a3 b4
28. axb4 axb4 29. cxb4 Rb6 30. Rcf2 Rxb4 31. Rg5+ Kh8 32. Rf7 Rb6 33. Rh5 h6
34. Re5 Nxb2 35. Ree7 Rg6 36. Kf1 c3 37. Nf5 c2 38. Rh7+ Kg8 39. Nxh6+ Rxh6 40.
Reg7+ 1/2-1/2

[Event "XXVIII Festival Conca della Presolana A"]
[Site "Bratto - Castione della Presolana ITA"]
[Date "2008.08.26"]
[Round "5"]
[White "Zoldan, Matteo"]
[Black "Angelini, Marco"]
[Result "1/2-1/2"]
[WhiteElo "2203"]
[BlackElo "1987"]
[PlyCount "59"]
[EventDate "2008.08.22"]

1. e4 c5 2. Nf3 d6 3. d4 cxd4 4. Nxd4 Nf6 5. Nc3 a6 6. f3 e6 7. Be3 Nbd7 8. Qd2
b5 9. g4 h6 10. O-O-O Bb7 11. Bd3 b4 12. Nce2 d5 13. exd5 Nxd5 14. Nf4 Bc5 15.
Be4 N7f6 16. Nfxe6 fxe6 17. Bg6+ Kd7 18. Nxe6 Bxe3 19. Qxe3 Qe7 20. Rhe1 Kc8
21. Qd4 Kb8 22. h4 Rc8 23. g5 hxg5 24. hxg5 Nd7 25. f4 Nf8 26. Nxg7 Qc5 27. Bf5
Qxd4 28. Rxd4 Rc5 29. Re5 Ka7 30. Kd2 1/2-1/2

[Event "XXVIII Festival Conca della Presolana A"]
[Site "Bratto - Castione della Presolana ITA"]
[Date "2008.08.27"]
[Round "6"]
[White "Angelini, Marco"]
[Black "Zinani, Alessandro"]
[Result "1-0"]
[WhiteElo "1987"]
[BlackElo "2240"]
[PlyCount "79"]
[EventDate "2008.08.22"]

1. e4 e6 2. d4 d5 3. exd5 exd5 4. c4 Nf6 5. Nf3 Bb4+ 6. Nc3 Ne4 7. Qb3 Qe7 8.
Be3 c6 9. Bd3 O-O 10. O-O dxc4 11. Bxc4 Bd6 12. Rfe1 Nxc3 13. bxc3 Qc7 14. Ne5
b5 15. Bd3 Nd7 16. Bf4 Nf6 17. a4 a6 18. Qc2 h6 19. axb5 cxb5 20. Bxb5 Bb7 21.
Bf1 Nd5 22. Bd2 f6 23. Nf3 Kh8 24. h3 Bf4 25. c4 Bxd2 26. Qxd2 Nf4 27. Nh4 Kg8
28. d5 g5 29. Nf5 Qh7 30. Ne7+ Kh8 31. g3 Rfe8 32. d6 Nh5 33. Bd3 f5 34. Nxf5
Qd7 35. Rxe8+ Rxe8 36. Re1 Rf8 37. Qc3+ Nf6 38. Re7 Qc6 39. Be4 Qc5 40. Rxb7
1-0

[Event "XXVIII Festival Conca della Presolana A"]
[Site "Bratto - Castione della Presolana ITA"]
[Date "2008.08.27"]
[Round "6"]
[White "Barlocco, Carlo"]
[Black "De Nardi, Riccardo"]
[Result "1/2-1/2"]
[WhiteElo "2150"]
[BlackElo "1982"]
[PlyCount "113"]
[EventDate "2008.08.22"]

1. b3 e5 2. Bb2 Nc6 3. e3 Nf6 4. c4 d5 5. cxd5 Nxd5 6. Bb5 Ndb4 7. d4 Bf5 8.
Na3 a6 9. Bxc6+ bxc6 10. Kf1 Bd3+ 11. Ne2 e4 12. Kg1 h5 13. Nc1 Qg5 14. Nc4 Rh6
15. a3 Rg6 16. g3 Nc2 17. Nxd3 exd3 18. Rc1 Qf5 19. Ne5 Rf6 20. Nxd3 Nxa3 21.
d5 Rh6 22. Rxc6 Rxc6 23. dxc6 Rd8 24. Bd4 Nb5 25. Nf4 Nxd4 26. exd4 Qe4 27.
Qxh5 Rxd4 28. Qe2 Qxe2 29. Nxe2 Rd6 30. Kg2 Rxc6 31. Nd4 Rb6 32. Re1+ Kd7 33.
Rc1 c5 34. Nf3 Rxb3 35. Ne5+ Ke6 36. Re1 Bd6 37. Nc4+ Kd5 38. Ne3+ Kc6 39. Ra1
Kb5 40. Rd1 Be5 41. Rd7 Bd4 42. Rb7+ Ka4 43. Rxf7 Bxe3 44. fxe3 Rxe3 45. Rxg7
Re2+ 46. Kf3 Rxh2 47. g4 Rh8 48. Rc7 Kb4 49. g5 Rg8 50. Kf4 c4 51. Kf5 c3 52.
g6 a5 53. Rb7+ Ka3 54. Rc7 Kb4 55. Rb7+ Kc4 56. Rc7+ Kb3 57. Rb7+ 1/2-1/2

[Event "XXVIII Festival Conca della Presolana A"]
[Site "Bratto - Castione della Presolana ITA"]
[Date "2008.08.27"]
[Round "6"]
[White "Bassis, Ivano"]
[Black "Piemonti, Carlo"]
[Result "0-1"]
[WhiteElo "2021"]
[BlackElo "2051"]
[PlyCount "56"]
[EventDate "2008.08.22"]

1. e4 c5 2. Nf3 Nc6 3. d3 d6 4. g3 g6 5. Bg2 Bg7 6. O-O e6 7. Re1 Nge7 8. c3
Qb6 9. Nbd2 O-O 10. Nc4 Qc7 11. Be3 b5 12. Ncd2 b4 13. e5 d5 14. Bf4 bxc3 15.
bxc3 Rb8 16. Rb1 Ba6 17. Qc2 Rxb1 18. Qxb1 Rb8 19. Qc2 Qa5 20. Nb3 Qb5 21. d4
cxd4 22. cxd4 Qb6 23. Nc5 Bc8 24. Rc1 Qb2 25. Qxb2 Rxb2 26. a4 Na5 27. Bf1 Nb3
28. Kg2 Nxc1 0-1

[Event "XXVIII Festival Conca della Presolana A"]
[Site "Bratto - Castione della Presolana ITA"]
[Date "2008.08.27"]
[Round "6"]
[White "Bentivegna, Francesco"]
[Black "Cardili, Mariano"]
[Result "1-0"]
[WhiteElo "2329"]
[BlackElo "2100"]
[PlyCount "31"]
[EventDate "2008.08.22"]

1. d4 d5 2. c4 c6 3. Nc3 Nf6 4. Nf3 dxc4 5. e4 b5 6. e5 Nd5 7. a4 e6 8. Ng5
Nxc3 9. bxc3 Bb7 10. Qh5 Qd7 11. Be2 a6 12. Nxh7 Kd8 13. Nxf8 Rxf8 14. Ba3 Rg8
15. h4 g6 16. Qh7 1-0

[Event "XXVIII Festival Conca della Presolana A"]
[Site "Bratto - Castione della Presolana ITA"]
[Date "2008.08.27"]
[Round "6"]
[White "Bernardi, Ruben"]
[Black "Podini, Francesco"]
[Result "1-0"]
[WhiteElo "2140"]
[BlackElo "2051"]
[PlyCount "93"]
[EventDate "2008.08.22"]

1. e4 c5 2. Nf3 e6 3. c4 Nc6 4. d4 cxd4 5. Nxd4 Nf6 6. Nc3 a6 7. g3 d6 8. Be3
Be7 9. Bg2 Qc7 10. Rc1 O-O 11. O-O Bd7 12. h3 Rad8 13. Kh2 Qa5 14. f4 Nxd4 15.
Bxd4 Bc6 16. Qe1 Rfe8 17. Qf2 Nd7 18. a3 Qc7 19. b4 b6 20. a4 Rc8 21. Nd5 Bxd5
22. exd5 Bf6 23. dxe6 fxe6 24. f5 Bxd4 25. Qxd4 e5 26. Qd5+ Kh8 27. Rfd1 Nf6
28. Qxd6 e4 29. Qxc7 Rxc7 30. c5 bxc5 31. Rxc5 Rxc5 32. bxc5 h6 33. g4 Re5 34.
Rc1 Re7 35. Kg1 Nd5 36. c6 Nc7 37. Kf1 Kg8 38. Rc4 e3 39. Ke2 Kf7 40. Rc3 Kf6
41. Rxe3 Rxe3+ 42. Kxe3 Ke5 43. Be4 a5 44. h4 Ne8 45. g5 hxg5 46. hxg5 Nc7 47.
f6 1-0

[Event "XXVIII Festival Conca della Presolana A"]
[Site "Bratto - Castione della Presolana ITA"]
[Date "2008.08.27"]
[Round "6"]
[White "Boccalatte, Piero"]
[Black "Fierro Baquero, Martha Lorena"]
[Result "0-1"]
[WhiteElo "2011"]
[BlackElo "2379"]
[PlyCount "64"]
[EventDate "2008.08.22"]

1. d4 g6 2. c4 Bg7 3. Nc3 d6 4. e4 Nc6 5. d5 Nd4 6. Be3 c5 7. Nge2 Nxe2 8. Bxe2
Nf6 9. O-O O-O 10. h3 a6 11. a4 e5 12. Qd2 Nd7 13. Rab1 f5 14. exf5 gxf5 15. f4
Qf6 16. Kh2 Kh8 17. fxe5 Nxe5 18. Ne4 Qe7 19. Ng3 Ng6 20. Bg5 Qe5 21. Bf4 Nxf4
22. Qxf4 Qxf4 23. Rxf4 Be5 24. Rf3 Rg8 25. Rd1 Bd7 26. Rdd3 Bxa4 27. b3 Bd7 28.
Kh1 f4 29. Nf1 Bf5 30. Rd2 Be4 31. Rf2 Bd4 32. Rxf4 Bxg2+ 0-1

[Event "XXVIII Festival Conca della Presolana A"]
[Site "Bratto - Castione della Presolana ITA"]
[Date "2008.08.27"]
[Round "6"]
[White "Bonazzi, Edoardo"]
[Black "Manca, Federico"]
[Result "0-1"]
[WhiteElo "2163"]
[BlackElo "2367"]
[PlyCount "38"]
[EventDate "2008.08.22"]

1. Nf3 d5 2. c4 e6 3. b3 c5 4. e3 Nc6 5. Bb2 d4 6. exd4 cxd4 7. g3 e5 8. d3 Nf6
9. Bg2 Be7 10. O-O O-O 11. a3 a5 12. Re1 Nd7 13. Bc1 f6 14. Ra2 Nc5 15. Bf1 Be6
16. Rb2 Qd7 17. Bd2 Bf5 18. Qc2 Bg4 19. Be2 e4 0-1

[Event "XXVIII Festival Conca della Presolana A"]
[Site "Bratto - Castione della Presolana ITA"]
[Date "2008.08.27"]
[Round "6"]
[White "Borgo, Giulio"]
[Black "Lucaroni, Massimiliano"]
[Result "0-1"]
[WhiteElo "2442"]
[BlackElo "2289"]
[PlyCount "120"]
[EventDate "2008.08.22"]

1. Nf3 e6 2. b3 f5 3. Bb2 Nf6 4. h3 d6 5. d4 Nc6 6. Rg1 Be7 7. g4 fxg4 8. hxg4
e5 9. dxe5 Nxg4 10. exd6 Bh4 11. Nxh4 Qxh4 12. Bd4 O-O 13. Rg2 Rf4 14. Bc5 cxd6
15. Qxd6 Rf6 16. Qg3 Qg5 17. Be3 Qf5 18. Qf3 Qxc2 19. Qd5+ Be6 20. Qd2 Qe4 21.
Nc3 Qb4 22. Nd1 Rd8 23. Qxb4 Nxb4 24. Rc1 Nxa2 25. Rc7 Bxb3 26. Nb2 Rfd6 27.
Nd3 h5 28. Bd2 Bf7 29. f3 Nf6 30. Rxb7 R8d7 31. Rb2 Rb6 32. Rc2 Nd5 33. Ne5 Re7
34. Nxf7 Nab4 35. Nh6+ Kh7 36. Rc4 Nd3+ 37. Kd1 Nb2+ 38. Kc2 Nxc4 39. Nf5 Rf7
40. e4 Rxf5 41. Bxc4 Nb4+ 42. Bxb4 Rxb4 43. Kc3 Rxc4+ 44. Kxc4 Rxf3 45. e5 Re3
46. Kd5 Kh6 47. Ra2 h4 48. Ra6+ Kh5 49. Rxa7 g5 50. e6 h3 51. Kd6 Kg4 52. e7 h2
53. Ra4+ Kf5 54. Ra1 g4 55. Rf1+ Kg6 56. Kd7 g3 57. Rf3 h1=Q 58. Rxe3 Qd5+ 59.
Ke8 Qa8+ 60. Kd7 Qa7+ 0-1

[Event "XXVIII Festival Conca della Presolana A"]
[Site "Bratto - Castione della Presolana ITA"]
[Date "2008.08.27"]
[Round "6"]
[White "Bruno, Fabio"]
[Black "Tomba, Ivan"]
[Result "1/2-1/2"]
[WhiteElo "2453"]
[BlackElo "2309"]
[PlyCount "103"]
[EventDate "2008.08.22"]

1. c4 Nf6 2. Nc3 e5 3. e3 Nc6 4. d3 Bb4 5. Nge2 d5 6. cxd5 Nxd5 7. Bd2 Nb6 8.
a3 Be7 9. Ng3 a5 10. Na4 Nxa4 11. Qxa4 Be6 12. Be2 O-O 13. O-O Qd7 14. Rac1
Rfd8 15. Bc3 f6 16. Kh1 Rab8 17. Qc2 Bf8 18. Ne4 Qf7 19. Bf3 Bb3 20. Qe2 Qd7
21. Nd2 Bd5 22. Rfd1 b5 23. Bxd5+ Qxd5 24. Ne4 b4 25. axb4 Nxb4 26. Qg4 Qf7 27.
Qf5 Qd7 28. Qxd7 Rxd7 29. g4 Rxd3 30. Rxd3 Nxd3 31. Rd1 Nc5 32. Nxc5 Bxc5 33.
Rd5 Bb4 34. Bxb4 Rxb4 35. Rxa5 Rxb2 36. Kg2 Rc2 37. Rd5 Kf7 38. Rd7+ Kg6 39.
Kg3 c5 40. Rc7 c4 41. f4 exf4+ 42. exf4 h5 43. gxh5+ Kh7 44. Rc8 c3 45. Kg4
Rg2+ 46. Kh3 Rc2 47. Kg4 Rc1 48. Kf5 c2 49. Rc6 Kh6 50. Rc7 Rf1 51. Rxc2 Kxh5
52. Ke4 1/2-1/2

[Event "XXVIII Festival Conca della Presolana A"]
[Site "Bratto - Castione della Presolana ITA"]
[Date "2008.08.27"]
[Round "6"]
[White "Burlando, Alessandro"]
[Black "Madiai, Federico"]
[Result "1-0"]
[WhiteElo "2161"]
[BlackElo "2066"]
[PlyCount "51"]
[EventDate "2008.08.22"]

1. d4 d5 2. c4 c6 3. Nf3 Nf6 4. Nc3 e6 5. e3 Nbd7 6. Qc2 Bd6 7. b3 O-O 8. Bd3
Qe7 9. O-O dxc4 10. bxc4 e5 11. dxe5 Nxe5 12. Nxe5 Bxe5 13. f4 Bc7 14. h3 Bb6
15. Rf3 h5 16. Na4 Bc7 17. e4 h4 18. e5 Nh5 19. Ba3 c5 20. Nc3 Bb6 21. Nd5 Qe6
22. Bb2 f5 23. exf6 Nxf6 24. Re3 Qf7 25. Ne7+ Kh8 26. Bg6 1-0

[Event "XXVIII Festival Conca della Presolana A"]
[Site "Bratto - Castione della Presolana ITA"]
[Date "2008.08.27"]
[Round "6"]
[White "Cereda, Loris"]
[Black "Lampl, Gerald"]
[Result "0-1"]
[WhiteElo "2043"]
[BlackElo "2155"]
[PlyCount "66"]
[EventDate "2008.08.22"]

1. e4 d5 2. exd5 Qxd5 3. Nc3 Qd6 4. d4 c6 5. Nf3 Bg4 6. Be2 Nd7 7. Be3 Ngf6 8.
Qd2 e6 9. Bf4 Qb4 10. a3 Qa5 11. O-O Be7 12. h3 Bh5 13. b4 Qd8 14. b5 O-O 15.
bxc6 bxc6 16. Rfb1 Qc8 17. Rb3 Nb6 18. a4 c5 19. a5 Nbd5 20. Nxd5 Nxd5 21. Bg3
cxd4 22. Be5 Bf6 23. Bxf6 Nxf6 24. Nxd4 Bxe2 25. Qxe2 Qc5 26. Ra4 Rfd8 27. Qc4
Qh5 28. Rb5 Rxd4 29. Qc6 Qd1+ 30. Kh2 Rad8 31. Rxd4 Qxd4 32. Qc7 Ne8 33. Qe7
Qf4+ 0-1

[Event "XXVIII Festival Conca della Presolana A"]
[Site "Bratto - Castione della Presolana ITA"]
[Date "2008.08.27"]
[Round "6"]
[White "Cugini, Verter"]
[Black "Bertagia, Roldano"]
[Result "1-0"]
[WhiteElo "2167"]
[BlackElo "2019"]
[PlyCount "39"]
[EventDate "2008.08.22"]

1. e4 e5 2. Nf3 Nc6 3. d4 exd4 4. Nxd4 Qf6 5. Be3 Bc5 6. c3 Nge7 7. g3 d5 8.
Bg2 dxe4 9. Nb5 Bxe3 10. Nxc7+ Kf8 11. O-O Bc5 12. Nxa8 Qe5 13. b4 Bd6 14. Nd2
Bb8 15. Nc4 Qe6 16. Qb3 Qg6 17. b5 Nd8 18. Rad1 Ne6 19. b6 a6 20. Nc7 1-0

[Event "XXVIII Festival Conca della Presolana A"]
[Site "Bratto - Castione della Presolana ITA"]
[Date "2008.08.27"]
[Round "6"]
[White "D'Apa, Matteo"]
[Black "Leburgue, Sylvain"]
[Result "0-1"]
[WhiteElo "2095"]
[BlackElo "2168"]
[PlyCount "60"]
[EventDate "2008.08.22"]

1. d4 d5 2. c4 c6 3. Nc3 Nf6 4. Nf3 e6 5. Bg5 Nbd7 6. e3 Qa5 7. Bxf6 Nxf6 8.
cxd5 exd5 9. Bd3 Bd6 10. O-O O-O 11. h3 Re8 12. a3 Qd8 13. b4 Qe7 14. Qb3 a6
15. Rfb1 Ne4 16. a4 Nxf2 17. Nxd5 cxd5 18. Kxf2 Qxe3+ 19. Kf1 Bxh3 20. Bxh7+
Kxh7 21. Qxe3 Rxe3 22. Ng5+ Kg6 23. Nxh3 Rc8 24. b5 a5 25. b6 Bg3 26. Ng1 Rc2
27. Nf3 Ree2 28. Rb5 Rxg2 29. Ne5+ Kh7 30. Nd3 Bh2 0-1

[Event "XXVIII Festival Conca della Presolana A"]
[Site "Bratto - Castione della Presolana ITA"]
[Date "2008.08.27"]
[Round "6"]
[White "Damia, Angelo"]
[Black "Astengo, Corrado"]
[Result "1-0"]
[WhiteElo "2247"]
[BlackElo "2121"]
[PlyCount "93"]
[EventDate "2008.08.22"]

1. e4 e6 2. d4 d5 3. exd5 exd5 4. Nc3 Nf6 5. Bg5 Bb4 6. Qf3 Be6 7. Bd3 Nbd7 8.
h3 c6 9. Nge2 Qb6 10. O-O h6 11. Bd2 Bd6 12. Bf4 Bxf4 13. Qxf4 O-O-O 14. a4 Qc7
15. Qxc7+ Kxc7 16. f4 Nb6 17. b3 Nc8 18. Ng3 Nd6 19. Rae1 Rde8 20. Re5 Bc8 21.
Rfe1 Nd7 22. Rxe8 Rxe8 23. Rxe8 Nxe8 24. Nf5 Nf8 25. Ne3 Ne6 26. Ne2 Nf6 27.
Kf2 g5 28. Nf5 h5 29. Nh6 gxf4 30. Kf3 b6 31. c3 c5 32. Nxf7 Bb7 33. Nxf4 Nxf4
34. Kxf4 c4 35. Bc2 cxb3 36. Bxb3 Ne4 37. Ng5 Nxc3 38. Ke5 Bc6 39. Ne6+ Kd7 40.
Nf4 h4 41. Ng6 Nxa4 42. Bxd5 Bb5 43. Be6+ Kd8 44. Nxh4 a5 45. g4 Nc3 46. g5 Ke7
47. Nf5+ 1-0

[Event "XXVIII Festival Conca della Presolana A"]
[Site "Bratto - Castione della Presolana ITA"]
[Date "2008.08.27"]
[Round "6"]
[White "Davi, Alessandro"]
[Black "Mazzariol, Oscar"]
[Result "0-1"]
[WhiteElo "2009"]
[BlackElo "2080"]
[PlyCount "68"]
[EventDate "2008.08.22"]

1. d4 Nf6 2. c4 g6 3. Nc3 Bg7 4. e4 d6 5. Nf3 O-O 6. Be2 e5 7. O-O Nbd7 8. Re1
Re8 9. Bf1 c6 10. a3 exd4 11. Nxd4 Nc5 12. f3 a5 13. Be3 a4 14. Qc2 Nfd7 15.
Rad1 Ne5 16. Nxc6 bxc6 17. Bxc5 Qg5 18. Kh1 dxc5 19. Nxa4 Rb8 20. Qf2 Qf4 21.
Qxc5 Rb3 22. Rc1 Be6 23. Rc2 g5 24. Qf2 Rd8 25. Nc5 Nxf3 26. g3 Qb8 27. Nxb3
Nxe1 28. Rd2 Rxd2 29. Nxd2 Qxb2 30. Qxe1 Bc3 31. Qb1 Qxd2 32. a4 Bd4 33. Qb8+
Kg7 34. Qd8 Qe3 0-1